[Event "Titled Tuesday intern op 25th Oct Late"]
[Site "Chess.com INT"]
[Date "2022.10.25"]
[Round "1"]
[White "Richter, Paul"]
[Black "Roberts, Paul"]
[Result "1-0"]
[WhiteElo "2171"]
[BlackElo "2123"]
[PlyCount "137"]
[EventDate "2022.10.25"]
[EventType "swiss (blitz)"]
[EventRounds "11"]
[EventCountry "USA"]
[SourceTitle "EXT 2024"]
[Source "ChessBase"]
[SourceDate "2023.10.10"]
[SourceVersion "1"]
[SourceVersionDate "2023.10.10"]
[SourceQuality "1"]

1. e4 c5 2. Nf3 e6 3. d3 Nc6 4. Nbd2 g6 5. g3 Bg7 6. Bg2 Nge7 7. 0-0 0-0 8. Re1 e5 9. Nc4 d6 10. a4 a6 11. a5 h6 12. Bd2 f5 13. Nb6 Rb8 14. Nxc8 Rxc8 15. exf5 gxf5 16. c4 Nd4 17. Nxd4 cxd4 18. Qh5 Qe8 19. Qxe8 Rfxe8 20. Bxb7 Rb8 21. Bxa6 Rxb2 22. Bc1 Rb3 23. Ra3 Rxa3 24. Bxa3 Ra8 25. Bb5 Rxa5 26. Bxd6 Ng6 27. Bd7 f4 28. c5 Bf8 29. Be6+ Kg7 30. gxf4 Bxd6 31. cxd6 Nxf4 32. Bf5 Rd5 33. d7 Kf6 34. Be4 Rxd7 35. Rb1 Rg7+ 36. Kf1 Nh3 37. Rb6+ Ke7 38. Rxh6 Rg1+ 39. Ke2 Nf4+ 40. Kf3 Kf7 41. Rh7+ Kg8 42. Re7 Rh1 43. Rxe5 Nh3 44. Rh5 Rxh2 45. Kg3 Rxf2 46. Rxh3 Rd2 47. Kg4 Kg7 48. Kf4 Kf6 49. Rh5 Rf2+ 50. Bf3 Rd2 51. Rf5+ Ke6 52. Re5+ Kd6 53. Rd5+ Ke6 54. Rxd4 Ra2 55. Ke3 Ke5 56. Be4 Rh2 57. Rd5+ Ke6 58. Ra5 Rh3+ 59. Kd4 Rg3 60. Ra6+ Ke7 61. Ke5 Rg5+ 62. Bf5 Rg3 63. Ra7+ Kf8 64. d4 Re3+ 65. Kf6 Re8 66. d5 Rd8 67. Be6 Ke8 68. Rh7 Rxd5 69. Rh8# 1-0

[Event "Titled Tuesday intern op 25th Oct Late"]
[Site "Chess.com INT"]
[Date "2022.10.25"]
[Round "6"]
[White "Roberts, Paul"]
[Black "Vargas, Mauricio"]
[Result "1-0"]
[WhiteElo "2123"]
[BlackElo "2125"]
[PlyCount "43"]
[EventDate "2022.10.25"]
[EventType "swiss (blitz)"]
[EventRounds "11"]
[EventCountry "USA"]
[SourceTitle "EXT 2024"]
[Source "ChessBase"]
[SourceDate "2023.10.10"]
[SourceVersion "1"]
[SourceVersionDate "2023.10.10"]
[SourceQuality "1"]

1. e3 d5 2. c4 c6 3. Nf3 Nd7 4. Nc3 dxc4 5. Bxc4 b5 6. Bxf7+ Kxf7 7. Ng5+ Ke8 8. Qb3 Ndf6 9. Qf7+ Kd7 10. Ne6 Qe8 11. Nxf8+ Kc7 12. Ne6+ Kb7 13. Nc5+ Kb8 14. Qxe8 Nxe8 15. d4 Nd6 16. e4 Nc4 17. Bf4+ Nd6 18. 0-0 Nf6 19. Bg3 Nh5 20. e5 Nxg3 21. fxg3 Nb7 22. Na6# 1-0

[Event "Titled Tuesday intern op 04th Oct Late"]
[Site "Chess.com INT"]
[Date "2022.10.04"]
[Round "8"]
[White "Kostiukov, Alexandr"]
[Black "Roberts, Paul"]
[Result "0-1"]
[WhiteElo "2271"]
[BlackElo "2123"]
[PlyCount "86"]
[EventDate "2022.10.04"]
[EventType "swiss (blitz)"]
[EventRounds "11"]
[EventCountry "USA"]
[SourceTitle "EXT 2023"]
[Source "ChessBase"]
[SourceDate "2022.10.05"]
[SourceVersion "1"]
[SourceVersionDate "2022.10.05"]
[SourceQuality "1"]

1. c4 Nc6 2. d4 d6 3. d5 Ne5 4. f4 Nd7 5. e4 g6 6. Nc3 Bg7 7. Nf3 Ngf6 8. Be3 a5 9. Be2 0-0 10. 0-0 c6 11. h3 cxd5 12. cxd5 Nc5 13. Nd2 b6 14. Rc1 e6 15. dxe6 Bxe6 16. Bf3 Rc8 17. Qe2 Re8 18. Rfd1 Qe7 19. Nb5 Bxa2 20. Bxc5 Rxc5 21. Rxc5 bxc5 22. b3 a4 23. bxa4 Nd5 24. exd5 Qxe2 25. Bxe2 Rxe2 26. Nxd6 Bxd5 27. Nf3 Bxf3 28. gxf3 Ra2 29. Re1 Bd4+ 30. Kh1 Rxa4 31. Re8+ Kg7 32. Re7 Ra1+ 33. Kg2 Ra2+ 34. Kf1 Ra1+ 35. Ke2 Rh1 36. Rxf7+ Kg8 37. Rd7 Rh2+ 38. Kd3 Rxh3 39. Ke4 Rh1 40. f5 Re1+ 41. Kd5 gxf5 42. Rd8+ Kg7 43. Nxf5+ Kg6 0-1

[Event "Harrogate 4NCL op 24th"]
[Site "Harrogate"]
[Date "2020.01.19"]
[Round "5"]
[White "Roberts, Paul"]
[Black "Starley, Robert"]
[Result "1/2-1/2"]
[WhiteElo "2119"]
[BlackElo "2072"]
[PlyCount "39"]
[EventDate "2020.01.17"]
[EventType "swiss"]
[EventRounds "5"]
[EventCountry "ENG"]
[SourceTitle "CBM 194 Extra"]
[Source "ChessBase"]
[SourceDate "2020.03.31"]
[SourceVersion "1"]
[SourceVersionDate "2020.03.31"]
[SourceQuality "1"]

1. d4 Nf6 2. Nf3 d5 3. a3 Bf5 4. c4 e6 5. Qb3 b6 6. Bg5 Be7 7. e3 0-0 8. Nc3 c6 9. Be2 Nbd7 10. h3 h6 11. Bf4 Rc8 12. 0-0 dxc4 13. Bxc4 b5 14. Be2 a6 15. a4 b4 16. Na2 Qb6 17. Nd2 c5 18. Nc4 Qc6 19. Rac1 Be4 20. f3 1/2-1/2

[Event "Frodsham op"]
[Site "Frodsham"]
[Date "2018.02.03"]
[Round "3"]
[White "Roberts, Paul"]
[Black "McDonagh, Michael"]
[Result "1-0"]
[WhiteElo "2167"]
[BlackElo "1911"]
[PlyCount "77"]
[EventDate "2018.02.02"]
[EventType "swiss"]
[EventRounds "5"]
[EventCountry "ENG"]
[SourceTitle "CBM 182 Extra"]
[Source "ChessBase"]
[SourceDate "2018.02.23"]
[SourceVersion "1"]
[SourceVersionDate "2018.02.23"]
[SourceQuality "1"]

1. Nf3 d5 2. d4 Nf6 3. c4 e6 4. g3 Be7 5. Bg2 0-0 6. 0-0 dxc4 7. Qc2 a6 8. a4 Bd7 9. Qxc4 b5 10. Qc2 Bc6 11. Bf4 Be4 12. Qxc7 Qxc7 13. Bxc7 Rc8 14. Bf4 b4 15. Nbd2 Bd5 16. Rfc1 Nbd7 17. Ne5 Bxg2 18. Kxg2 Nxe5 19. Bxe5 Nd7 20. Bf4 Nb6 21. a5 Nd5 22. Nb3 Nxf4+ 23. gxf4 Bd6 24. e3 f6 25. Kf3 Kf7 26. h3 g6 27. Ke4 Be7 28. Kd3 Rd8 29. e4 Bd6 30. Ke3 h6 31. e5 Be7 32. Rc7 g5 33. Rac1 gxf4+ 34. Ke4 fxe5 35. dxe5 f3 36. Nd4 Rd5 37. R1c6 Rxa5 38. Rxe6 Re8 39. Rexe7+ 1-0

[Event "Perth op"]
[Site "Perth"]
[Date "2016.02.20"]
[Round "3.1"]
[White "Roberts, Paul"]
[Black "Green, Andrew"]
[Result "1/2-1/2"]
[WhiteElo "2173"]
[BlackElo "2166"]
[PlyCount "76"]
[EventDate "2016.02.19"]
[EventType "swiss"]
[EventRounds "5"]
[EventCountry "SCO"]
[SourceTitle "EXT 2023"]
[Source "ChessBase"]
[SourceDate "2022.10.05"]
[SourceVersion "1"]
[SourceVersionDate "2022.10.05"]
[SourceQuality "1"]

1. Nf3 Nf6 2. c4 b6 3. g3 Bb7 4. Bg2 g6 5. d4 Bg7 6. 0-0 0-0 7. Nc3 Ne4 8. Nxe4 Bxe4 9. b3 c5 10. Bb2 Nc6 11. Qd2 Bxf3 12. Bxf3 cxd4 13. Rad1 Qc7 14. h4 Rad8 15. h5 e5 16. hxg6 fxg6 17. Ba3 d6 18. Kg2 Nb8 19. Bd5+ Kh8 20. Rh1 Bf6 21. Bc1 Rd7 22. Qd3 Qd8 23. Be4 Bg5 24. e3 dxe3 25. Bxe3 Bxe3 26. Qxe3 Qf6 27. Rh6 Rdf7 28. f3 Rg7 29. Qd3 Qg5 30. Qxd6 Rfg8 31. Qd2 Qf6 32. Rhh1 Nd7 33. Qd6 Qg5 34. Bd5 Rf8 35. Bc6 Qf5 36. Be4 Qg5 37. Bc6 Qf5 38. Be4 Qg5 1/2-1/2

[Event "Hastings Masters op 91st"]
[Site "Hastings"]
[Date "2015.12.31"]
[Round "4"]
[White "Roberts, Paul"]
[Black "Kearsley, Raymond J"]
[Result "1-0"]
[WhiteElo "2197"]
[BlackElo "1723"]
[PlyCount "59"]
[EventDate "2015.12.28"]
[EventType "swiss"]
[EventRounds "9"]
[EventCountry "ENG"]
[SourceTitle "CBM 170 Extra"]
[Source "ChessBase"]
[SourceDate "2016.02.25"]
[SourceVersion "1"]
[SourceVersionDate "2016.02.25"]
[SourceQuality "1"]

1. e4 c5 2. Nc3 Nc6 3. Nf3 g6 4. d4 cxd4 5. Nxd4 Bg7 6. Nde2 Nf6 7. g3 0-0 8. Bg2 d6 9. 0-0 Bd7 10. h3 Rc8 11. Be3 b6 12. f4 Ne8 13. Rb1 Na5 14. Bd4 Nc4 15. Bxg7 Nxg7 16. Qd3 f5 17. b3 fxe4 18. Nxe4 Na5 19. Kh2 Nc6 20. a3 Nf5 21. c4 Qc7 22. Ng5 Nd8 23. g4 Ng7 24. Nd4 h6 25. Qxg6 hxg5 26. Be4 Rf6 27. Qh7+ Kf7 28. fxg5 d5+ 29. Kg2 Rf4 30. Bg6+ 1-0

[Event "London Classic CSC op 7th"]
[Site "London"]
[Date "2015.12.05"]
[Round "3"]
[White "Roberts, Paul"]
[Black "Haridas, Girinath"]
[Result "1-0"]
[WhiteElo "2197"]
[BlackElo "1907"]
[PlyCount "81"]
[EventDate "2015.12.04"]
[EventType "swiss"]
[EventRounds "5"]
[EventCountry "ENG"]
[SourceTitle "CBM 169 Extra"]
[Source "ChessBase"]
[SourceDate "2015.12.18"]
[SourceVersion "1"]
[SourceVersionDate "2015.12.18"]
[SourceQuality "1"]

1. Nf3 Nf6 2. c4 g6 3. g3 Bg7 4. Bg2 0-0 5. 0-0 d6 6. Nc3 a6 7. d4 Nc6 8. Bf4 Re8 9. Qd2 Bd7 10. Rfd1 Rb8 11. Bh6 b5 12. Bxg7 Kxg7 13. cxb5 axb5 14. d5 Na5 15. Nd4 Nc4 16. Qc1 Ne5 17. b4 Qc8 18. f4 Neg4 19. h3 Nh6 20. Kh2 Nf5 21. Nxf5+ Bxf5 22. e4 Bd7 23. e5 Ng8 24. Qe3 c5 25. dxc6 Bxc6 26. exd6 exd6 27. Qd4+ f6 28. Ne4 Bxe4 29. Bxe4 Qe6 30. Bd5 Qe2+ 31. Bg2 Rbc8 32. Rd2 Qe3 33. Rad1 Qxd4 34. Rxd4 Re2 35. R1d2 Rc2 36. Rxc2 Rxc2 37. Rxd6 Rxa2 38. Rd7+ Kf8 39. Rxh7 Ne7 40. g4 Nd5 41. Kg3 1-0

[Event "Southend op 59th"]
[Site "Southend"]
[Date "2015.04.06"]
[Round "7"]
[White "Roberts, Paul"]
[Black "Moore, Graham J"]
[Result "1/2-1/2"]
[WhiteElo "2197"]
[BlackElo "2088"]
[PlyCount "63"]
[EventDate "2015.04.03"]
[EventType "swiss"]
[EventRounds "7"]
[EventCountry "ENG"]
[SourceTitle "EXT 2017"]
[Source "ChessBase"]
[SourceDate "2016.10.25"]
[SourceVersion "1"]
[SourceVersionDate "2016.10.25"]
[SourceQuality "1"]

1. Nf3 Nf6 2. d4 e6 3. Bg5 Be7 4. Nbd2 c5 5. e3 0-0 6. Bd3 b6 7. 0-0 Ba6 8. c4 Nc6 9. Qe2 Rc8 10. Rac1 d5 11. dxc5 bxc5 12. a3 Na5 13. Rfd1 Qb6 14. cxd5 Bxd3 15. Qxd3 exd5 16. Rb1 Rfd8 17. b4 cxb4 18. axb4 Nc4 19. Qb3 Nxd2 20. Rxd2 Rc4 21. Bxf6 gxf6 22. Rxd5 Rxd5 23. Qxc4 Qxb4 24. Qc2 Rc5 25. Qd1 Qg4 26. h3 Qf5 27. Nd4 Qe4 28. Rb8+ Kg7 29. g4 Bd6 30. Nf5+ Rxf5 31. Qxd6 Rd5 32. Qf8+ 1/2-1/2

[Event "Southend op 59th"]
[Site "Southend"]
[Date "2015.04.05"]
[Round "6"]
[White "Fitzsimons, David"]
[Black "Roberts, Paul"]
[Result "1-0"]
[WhiteElo "2389"]
[BlackElo "2197"]
[PlyCount "67"]
[EventDate "2015.04.03"]
[EventType "swiss"]
[EventRounds "7"]
[EventCountry "ENG"]
[SourceTitle "CBM 165 Extra"]
[Source "ChessBase"]
[SourceDate "2015.04.21"]
[SourceVersion "1"]
[SourceVersionDate "2015.04.21"]
[SourceQuality "1"]

1. e4 e6 2. d4 d5 3. Nc3 Nf6 4. e5 Nfd7 5. f4 c5 6. Nf3 Nc6 7. Be3 a6 8. Qd2 b5 9. dxc5 Bxc5 10. Bd3 Qb6 11. Bf2 Bxf2+ 12. Qxf2 Qxf2+ 13. Kxf2 Nc5 14. Ne2 Bd7 15. Ned4 Nxd4 16. Nxd4 Ke7 17. Rhd1 f6 18. Re1 fxe5 19. Rxe5 Kd6 20. g3 h6 21. Nf3 Rhf8 22. h4 Rac8 23. Nd4 b4 24. Ke3 Rb8 25. Kd2 a5 26. b3 a4 27. Rd1 axb3 28. cxb3 Ra8 29. Bb1 Rf6 30. Ke3 Be8 31. Nf5+ Rxf5 32. Bxf5 Bf7 33. Bb1 Nd7 34. Re4 1-0

[Event "Southend op 59th"]
[Site "Southend"]
[Date "2015.04.05"]
[Round "5"]
[White "Roberts, Paul"]
[Black "Bates, Richard"]
[Result "1-0"]
[WhiteElo "2197"]
[BlackElo "2346"]
[PlyCount "69"]
[EventDate "2015.04.03"]
[EventType "swiss"]
[EventRounds "7"]
[EventCountry "ENG"]
[SourceTitle "CBM 165 Extra"]
[Source "ChessBase"]
[SourceDate "2015.04.21"]
[SourceVersion "1"]
[SourceVersionDate "2015.04.21"]
[SourceQuality "1"]

1. e4 c5 2. Nf3 d6 3. Bb5+ Bd7 4. Bxd7+ Qxd7 5. c4 Nf6 6. Nc3 g6 7. d4 cxd4 8. Nxd4 Bg7 9. f3 0-0 10. Be3 Rc8 11. b3 a6 12. a4 Qd8 13. 0-0 Nbd7 14. Kh1 e6 15. Nde2 Qe7 16. Ra2 Rc6 17. Rd2 Rac8 18. Nd4 R6c7 19. Nde2 Ne8 20. f4 f5 21. Re1 Nc5 22. exf5 gxf5 23. Bd4 Qh4 24. Bxg7 Rxg7 25. Nd4 Rg6 26. b4 Ne4 27. Nxe4 fxe4 28. Rxe4 Nf6 29. Nf3 Qg4 30. Red4 Rh6 31. Rxd6 Qxf4 32. Rxe6 Rxc4 33. g3 Qc7 34. Qe2 Rg6 35. Re8+ 1-0

[Event "Southend op 59th"]
[Site "Southend"]
[Date "2015.04.04"]
[Round "4"]
[White "Kalaiyalahan, Akshaya"]
[Black "Roberts, Paul"]
[Result "0-1"]
[WhiteElo "2074"]
[BlackElo "2197"]
[PlyCount "116"]
[EventDate "2015.04.03"]
[EventType "swiss"]
[EventRounds "7"]
[EventCountry "ENG"]
[SourceTitle "EXT 2017"]
[Source "ChessBase"]
[SourceDate "2016.10.25"]
[SourceVersion "1"]
[SourceVersionDate "2016.10.25"]
[SourceQuality "1"]

1. d4 e6 2. Nf3 Nf6 3. g3 b5 4. Bg2 Bb7 5. 0-0 c5 6. c4 bxc4 7. Qa4 cxd4 8. Nxd4 Bxg2 9. Kxg2 Be7 10. Qxc4 0-0 11. Nc3 d5 12. Qb5 Qb6 13. Qxb6 axb6 14. f3 Nbd7 15. Nc6 Bc5 16. b4 Rfc8 17. b5 Nb8 18. Nxb8 Raxb8 19. Bd2 Bb4 20. Rfc1 Ba3 21. Rcb1 d4 22. Nd1 Rc2 23. Bf4 e5 24. Bc1 Bxc1 25. Rxc1 Rxe2+ 26. Kg1 Nd5 27. a4 Kf8 28. a5 bxa5 29. Rxa5 g6 30. h4 Kg7 31. Kf1 Rd2 32. b6 Nxb6 33. Rxe5 Rd8 34. Re2 Rd3 35. Kf2 Nd5 36. Rb2 Rd7 37. Ke2 Ra3 38. Rd2 Re7+ 39. Kf2 Ree3 40. Rxd4 Rxf3+ 41. Ke2 Rf5 42. g4 Nf4+ 43. Kd2 Ra2+ 44. Rc2 Rxc2+ 45. Kxc2 Ne6 46. Rd3 Rf4 47. Rg3 Nd4+ 48. Kd2 Rf3 49. Rg2 Rh3 50. h5 gxh5 51. gxh5+ Kf6 52. Nf2 Rxh5 53. Ne4+ Ke5 54. Rg5+ Rxg5 55. Nxg5 f5 56. Nxh7 Ne6 57. Ke3 f4+ 58. Kf3 Kf5 0-1

[Event "Birmingham 4NCL op 1st"]
[Site "Birmingham"]
[Date "2015.02.01"]
[Round "5"]
[White "Abbas, Daniel Karim"]
[Black "Roberts, Paul"]
[Result "1/2-1/2"]
[WhiteElo "2095"]
[BlackElo "2208"]
[PlyCount "79"]
[EventDate "2015.01.30"]
[EventType "swiss"]
[EventRounds "5"]
[EventCountry "ENG"]
[SourceTitle "CBM 164 Extra"]
[Source "ChessBase"]
[SourceDate "2015.03.02"]
[SourceVersion "1"]
[SourceVersionDate "2015.03.02"]
[SourceQuality "1"]

1. e4 d5 2. exd5 Qxd5 3. Nc3 Qd6 4. d4 Nf6 5. Nf3 Bg4 6. h3 Bh5 7. Bc4 e6 8. Qe2 c6 9. Be3 Bxf3 10. Qxf3 Nbd7 11. 0-0 Be7 12. Rad1 0-0 13. a3 Nb6 14. Bd3 Nbd5 15. Ne4 Nxe4 16. Bxe4 f5 17. Bxd5 exd5 18. Bf4 Qd7 19. Rfe1 Bf6 20. Be5 Rae8 21. Bxf6 Rxf6 22. Re5 Rff8 23. Rde1 Rxe5 24. Rxe5 g6 25. Qf4 a6 26. h4 Re8 27. h5 Rxe5 28. dxe5 Qe7 29. hxg6 hxg6 30. e6 Qxe6 31. Qb8+ Kh7 32. Qxb7+ Kh6 33. Qxa6 Qe1+ 34. Qf1 Qd2 35. Qd3 Qe1+ 36. Qf1 Qd2 37. Qb1 c5 38. b3 d4 39. a4 g5 40. Kf1 1/2-1/2

[Event "South Wales op 11th"]
[Site "Cardiff"]
[Date "2014.08.29"]
[Round "8"]
[White "Hollan, Martin"]
[Black "Roberts, Paul"]
[Result "0-1"]
[WhiteElo "1999"]
[BlackElo "2211"]
[PlyCount "58"]
[EventDate "2014.08.25"]
[EventType "swiss"]
[EventRounds "9"]
[EventCountry "WLS"]
[SourceTitle "CBM 162 Extra"]
[Source "ChessBase"]
[SourceDate "2014.10.17"]
[SourceVersion "1"]
[SourceVersionDate "2014.10.17"]
[SourceQuality "1"]

1. d4 Nf6 2. c4 Nc6 3. d5 Ne5 4. e4 e6 5. Nc3 Bb4 6. Qc2 Bxc3+ 7. Qxc3 d6 8. f4 Ng6 9. Bd3 0-0 10. Ne2 c6 11. dxc6 bxc6 12. 0-0 c5 13. Qc2 Bb7 14. Nc3 a6 15. b3 h6 16. Bb2 e5 17. Ne2 Ng4 18. Qd2 f5 19. exf5 Nh4 20. Ng3 Bxg2 21. Be4 Bxe4 22. Nxe4 Nxf5 23. fxe5 dxe5 24. Rad1 Qh4 25. Bxe5 Nfe3 26. Rxf8+ Rxf8 27. Bg3 Qh3 28. Qe2 Nxd1 29. Qxd1 Ne3 0-1

[Event "South Wales op 11th"]
[Site "Cardiff"]
[Date "2014.08.28"]
[Round "7"]
[White "Roberts, Paul"]
[Black "McLaren, Charlie"]
[Result "1-0"]
[WhiteElo "2211"]
[BlackElo "1769"]
[PlyCount "27"]
[EventDate "2014.08.25"]
[EventType "swiss"]
[EventRounds "9"]
[EventCountry "WLS"]
[SourceTitle "CBM 162 Extra"]
[Source "ChessBase"]
[SourceDate "2014.10.17"]
[SourceVersion "1"]
[SourceVersionDate "2014.10.17"]
[SourceQuality "1"]

1. Nf3 Nf6 2. c4 e6 3. g3 b6 4. Bg2 Bb7 5. 0-0 d6 6. d4 Nbd7 7. Nc3 g6 8. Re1 Ne4 9. Nxe4 Bxe4 10. d5 exd5 11. cxd5 Bg7 12. Bg5 Nf6 13. Bxf6 Qxf6 14. Qa4+ 1-0

[Event "South Wales op 11th"]
[Site "Cardiff"]
[Date "2014.08.27"]
[Round "6"]
[White "Harvey, Marcus Ross"]
[Black "Roberts, Paul"]
[Result "1-0"]
[WhiteElo "2287"]
[BlackElo "2211"]
[PlyCount "160"]
[EventDate "2014.08.25"]
[EventType "swiss"]
[EventRounds "9"]
[EventCountry "WLS"]
[SourceTitle "CBM 162 Extra"]
[Source "ChessBase"]
[SourceDate "2014.10.17"]
[SourceVersion "1"]
[SourceVersionDate "2014.10.17"]
[SourceQuality "1"]

1. g3 g6 2. Bg2 Bg7 3. c4 c5 4. Nc3 Nc6 5. Nf3 Nf6 6. 0-0 0-0 7. a3 d5 8. cxd5 Nxd5 9. Qc2 Nxc3 10. bxc3 b6 11. Rd1 Bb7 12. d3 Qc7 13. a4 e5 14. Nd2 Na5 15. Nc4 Bxg2 16. Kxg2 Nc6 17. e4 Rab8 18. Ne3 Qd6 19. Nd5 f5 20. f3 Rf7 21. Rb1 Rbf8 22. Qe2 Na5 23. Be3 Qc6 24. Rb5 Nb7 25. Qa2 Kh8 26. Rb2 f4 27. gxf4 exf4 28. Bf2 g5 29. h3 h5 30. d4 Qg6 31. dxc5 Nxc5 32. Bxc5 bxc5 33. Rh1 Bh6 34. Kf1 Rh7 35. Qb1 Qa6+ 36. Kf2 Qxa4 37. Qa2 Qxa2 38. Rxa2 Rb7 39. Re1 Bg7 40. Rg1 Bh6 41. Ke2 c4 42. Kd2 Kh7 43. Kc2 Rfb8 44. Nb4 Rd8 45. Ra5 Rg8 46. Nd5 Rg6 47. Ra4 Rc6 48. Rga1 Bf8 49. Rxa7 Rxa7 50. Rxa7+ Kg6 51. Ra8 Kf7 52. Kd2 Bd6 53. Ra7+ Kg6 54. Ke2 Kh6 55. Ra8 Kg7 56. Kf1 Kf7 57. Ra7+ Kg6 58. Kg2 Kh6 59. Ra8 Kg7 60. Kh1 Kf7 61. Kh2 Kg7 62. Kg2 Kf7 63. Rh8 Ra6 64. Rxh5 Ra2+ 65. Kf1 Kg6 66. Rh8 Ra1+ 67. Ke2 Ra2+ 68. Kd1 Ra1+ 69. Kc2 Ra2+ 70. Kb1 Rf2 71. Rg8+ Kf7 72. Rxg5 Rxf3 73. e5 Rf1+ 74. Kc2 Rf2+ 75. Kd1 Bc5 76. Ke1 Rf3 77. h4 Ke6 78. Nc7+ Kf7 79. e6+ Kf6 80. Rxc5 Rxc3 1-0

[Event "South Wales op 11th"]
[Site "Cardiff"]
[Date "2014.08.25"]
[Round "1"]
[White "Roberts, Paul"]
[Black "Hebden, Mark"]
[Result "0-1"]
[WhiteElo "2211"]
[BlackElo "2554"]
[PlyCount "62"]
[EventDate "2014.08.25"]
[EventType "swiss"]
[EventRounds "9"]
[EventCountry "WLS"]
[SourceTitle "CBM 162 Extra"]
[Source "ChessBase"]
[SourceDate "2014.10.17"]
[SourceVersion "1"]
[SourceVersionDate "2014.10.17"]
[SourceQuality "1"]

1. d4 Nf6 2. Nf3 g6 3. Bg5 Bg7 4. Nbd2 0-0 5. c3 d6 6. e4 c5 7. dxc5 dxc5 8. Bc4 Qc7 9. Qe2 Nc6 10. Qe3 Na5 11. Bd3 Be6 12. 0-0 Rfd8 13. Bf4 Qb6 14. Rfb1 Nh5 15. Bg5 f6 16. Bh4 g5 17. g4 Bxg4 18. Nc4 Qa6 19. Nce5 Rxd3 20. Nxd3 Nc4 21. Qxc5 Bxf3 22. Ne1 Bxe4 23. Rd1 Ne5 24. Bg3 Nxg3 25. hxg3 Qe2 26. Qxe7 Ng4 27. Rd8+ Rxd8 28. Qxd8+ Bf8 29. Qd4 Nh2 30. Kxh2 Qh5+ 31. Kg1 Qh1# 0-1

[Event "Southend op 58th"]
[Site "Southend"]
[Date "2014.04.19"]
[Round "4"]
[White "Roberts, Paul"]
[Black "Pert, Richard G"]
[Result "1/2-1/2"]
[WhiteElo "2207"]
[BlackElo "2434"]
[PlyCount "80"]
[EventDate "2014.04.18"]
[EventType "swiss"]
[EventRounds "7"]
[EventCountry "ENG"]
[SourceTitle "EXT 2016"]
[Source "ChessBase"]
[SourceDate "2015.10.08"]
[SourceVersion "1"]
[SourceVersionDate "2015.10.08"]
[SourceQuality "1"]

1. Nf3 d5 2. d4 Nf6 3. c4 e6 4. g3 dxc4 5. Qa4+ c6 6. Qxc4 b5 7. Qd3 Bb7 8. Bg2 a6 9. 0-0 c5 10. Bg5 Nbd7 11. Nc3 Be7 12. dxc5 Nxc5 13. Qxd8+ Rxd8 14. b4 Ncd7 15. a3 h6 16. Bf4 0-0 17. Rfd1 Rc8 18. Rac1 Nb6 19. Ne5 Bxg2 20. Kxg2 Nc4 21. Nxc4 Rxc4 22. Na2 Rfc8 23. Rxc4 Rxc4 24. Rc1 Rxc1 25. Bxc1 Nd5 26. e4 Nb6 27. Kf3 Kf8 28. Ke2 Ke8 29. Kd3 Kd7 30. Nc3 Nc4 31. Nd1 Bf6 32. f4 e5 33. Nf2 h5 34. f5 Bd8 35. Nd1 Bb6 36. Nc3 Bd4 37. Nd5 g6 38. fxg6 fxg6 39. a4 Bg1 40. h3 Bf2 1/2-1/2